[Event "Sao Paulo-chT1"]
[Site "Sao Paulo"]
[Date "2019.03.09"]
[Round "5.4"]
[White "Nascimento, Gabriela Vitoria"]
[Black "Della Santina, Murilo"]
[Result "0-1"]
[WhiteElo "1600"]
[BlackElo "1600"]
[PlyCount "104"]
[EventDate "2019.02.23"]
[EventType "team-tourn"]
[EventRounds "7"]
[EventCountry "BRA"]
[SourceTitle "EXT 2021"]
[Source "ChessBase"]
[SourceDate "2020.10.23"]
[SourceVersion "1"]
[SourceVersionDate "2020.10.23"]
[SourceQuality "1"]
[WhiteTeam "Osasco III"]
[BlackTeam "Kolping"]
[WhiteTeamCountry "BRA"]
[BlackTeamCountry "BRA"]

1. d4 d5 2. Nf3 Nf6 3. Bf4 Bg4 4. e3 e6 5. Bd3 c6 6. Nbd2 Nbd7 7. c3 Be7 8. 0-0 0-0 9. Re1 Re8 10. h3 Bh5 11. Rc1 Bg6 12. Bxg6 hxg6 13. c4 c5 14. cxd5 Nxd5 15. Bh2 b6 16. Ne5 Nxe5 17. Bxe5 Rc8 18. a3 cxd4 19. Bxd4 Qd7 20. Nf3 Rxc1 21. Qxc1 Rc8 22. Qd1 Qb5 23. Ne5 Bd6 24. Qd2 Nf6 25. Nxg6 Ne4 26. Qd1 fxg6 27. h4 Bb8 28. f3 Nc5 29. Bc3 Qd3 30. Qxd3 Nxd3 31. Rd1 Nc5 32. b4 Na4 33. Ba1 e5 34. Kh2 Kh7 35. Kh3 b5 36. Rd5 a6 37. Rd1 Nb6 38. e4 Nc4 39. Rd7 Rc7 40. Rd5 Re7 41. Rd1 Ba7 42. Rd5 Bf2 43. Bc3 Be3 44. Rd1 Bb6 45. Rd5 Bc7 46. Rd3 Nb6 47. Ba1 Rd7 48. Rc3 Nc4 49. Rc1 Rd2 50. Bc3 Rd3 51. Ba1 Bb6 52. Bc3 Be3 0-1